Piłkarz według podpowiedzi #5 - Ekstraklasa - Statystyki

Ogólne statystyki
  • Ten quiz został rozwiązany 103 razy
  • Średni wynik to 8 z 15
Statystyki odpowiedzi
Hint Odpowiedź % Poprawnych
Grał w Lechu Poznań, Wiśle Kraków i Lechii Gdańsk. Reprezentant Polski. Obecnie gra dla Wieczystej Kraków Peszko
96%
Łysy obrońca Piasta Gliwice. Czerwiński
79%
Nie jest Polakiem, ale 100% legionistą. Dwukrotnie zostawał trenerem Legii. Ostatni raz w sezonie 2021/2022 Vuković
78%
Legenda Polskiej kadry i Wisły Kraków. Człowiek, który po długiej przygodzie w lidze niemieckiej, wrócił pomóc odbudować "Białą Gwiazdę" Błaszczykowski
76%
Były napastnik m.in. Wisły Kraków. Zdobywał dla niej bramki w Pucharze UEFA 2002/2003 gdzie Wisła mierzyła się m.in. z Parmą, Schalke 04 czy Lazio. Żurawski
60%
Napastnik Radomiaka Radom. Najskuteczniejszy Polak w klasyfikacji strzelców w sezonie 2021/2022 Angielski
58%
Rozegrał ponad 170 spotkań w barwach Wisły Kraków. Potem próbowałem swoich sił w Hiszpanii, Anglii i USA. Wrócił do Polski, gdzie w barwach Jagielloni zdobył ponad 50 bramek w 120 meczach. Frankowski
58%
Najlepszy Strzelec Ekstraklasy w Sezonie 2021/2022 Ivi Lopez
57%
Portugalczyk. Zawodnik Lecha Poznań. Wcześniej grał m.in. w Benfice Amaral
54%
Rekordzista jeśli chodzi o liczbę strzelonych bramek w Ekstraklasie. Legenda Górnika Zabrze Pohl
52%
Zanotował najwięcej występów w Ekstraklasie. (559) Surma
44%
Zdobywca nagrody "Ligowiec Roku" w latach 2011 i 2012. Obecnie ekspert telewizyjny. Mila
37%
Serb niegdyś występujący w Legii Warszawa. W 2012 roku otrzymał tytuł "Obcokrajowca roku". Ljuboja
34%
Barwna postać Ekstraklasy i nie tylko. Bramkarz, który zwiedził kilka polskich klubów, reprezentował Polskę. Nie hamował się w wypowiedziach i zachowaniu. Po karierze, brał udział w programie "Turbokozak". Szamotulski
19%
Dla Widzewa Łódź i jego kibiców ma status Legendy klubu. Zdobywał z Widzewem dwa razy Mistrzostwo Polski. Citko
14%
Nie znaleziono quizów pasujących do podanych kryteriów
Rozkład punktacji
Procent ludzi z każdym wynikiem
Percentyl według liczby udzielonych odpowiedzi
Twoja historia wyników
Nie rozwiązałeś tego quizu